000 00330 a2200157 4500
001 56919
020 _a8508068964
040 _cAnchieta - Pituba
100 _aMarceau, Claude
240 1 0 _aMenino-sem-alma
_lpor
245 1 0 _aMenino-sem-alma
300 _a102
362 0 _a1998
650 4 _aLiteratura juvenil
942 _cBK
999 _c56919
_d56919